Professional English in Use Marketing

Salvato in:
Dettagli Bibliografici
Autore principale: Farrall, Cate
Altri autori: Lindsley, Marianne
Natura: Libro
Lingua:inglese
Pubblicazione: Cambridge Cambridge University Press 2014
Soggetti:
Tags: Aggiungi Tag
Nessun Tag, puoi essere il primo ad aggiungerne!!

MARC

LEADER 00000nam a2200000 4500
001 0247087
005 20240226124643.5
020 |a 978-0-521-70269-0 
041 0 |a eng 
044 |a GB 
245 1 0 |a Professional English in Use Marketing  |c Cate Farrall, Marianne Lindsley 
264 1 |a Cambridge  |b Cambridge University Press  |c 2014 
300 |a 144 s. 
610 2 0 |a jazykoveda 
610 2 0 |a terminológia 
610 2 0 |a angličtina 
610 2 0 |a marketing 
610 2 0 |a zásoba slovná 
610 2 0 |a frazeológia 
100 1 |a Farrall, Cate 
700 1 |a Lindsley, Marianne